| 000 | 00503 a2200181 4500 | ||
|---|---|---|---|
| 003 | OSt | ||
| 005 | 20180116182823.0 | ||
| 008 | 170721b xxu||||| |||| 00| 0 eng d | ||
| 020 | _a8177220047 | ||
| 040 | _c0 | ||
| 082 | _a005.75 COL 2000 | ||
| 100 | _aPaul Collins | ||
| 245 |
_aOracle 8 DBA: Databse Administration _cPaul Collins |
||
| 260 |
_aDreamtech Press _bNew Delhi _c2000 |
||
| 300 |
_a404p. _bpb |
||
| 440 | _aOracle 8 DBA: Databse Administration | ||
| 942 |
_aNBS _cBK _k005.75 COL1997 _2ddc |
||
| 999 |
_c346601 _d346601 |
||